| Tag |
First Indicator |
Second Indicator |
Subfields |
| LEADER |
00000cam a2200000 i 4500 |
| 001 |
in00000045516 |
| 005 |
20151007073125.0 |
| 008 |
800114s1979 nyua b 00110 eng |
| 010 |
|
|
|a 79064108
|
| 020 |
|
|
|a 0883321203 :
|c $15.95
|
| 035 |
|
|
|a (OCoLC)05771348
|
| 035 |
|
|
|9 AAE9168AM
|
| 040 |
|
|
|a DLC
|c DLC
|d TXA
|d UtOrBLW
|
| 049 |
|
|
|a TXAM
|c [1632378]
|
| 050 |
0 |
0 |
|a SF291
|b .E38 1979
|
| 082 |
0 |
|
|a 636.1
|
| 100 |
1 |
|
|a Hartley Edwards, Elwyn,
|d 1927-2007.
|
| 245 |
1 |
4 |
|a The Larousse guide to horses and ponies of the world /
|c Elwyn Hartley Edwards ; illustrated by David Nockels.
|
| 264 |
|
1 |
|a New York :
|b Larousse,
|c 1979.
|
| 300 |
|
|
|a 238 pages :
|b illustrations (some color) ;
|c 20 cm.
|
| 336 |
|
|
|a text
|b txt
|2 rdacontent
|
| 337 |
|
|
|a unmediated
|b n
|2 rdamedia
|
| 338 |
|
|
|a volume
|b nc
|2 rdacarrier
|
| 500 |
|
|
|a Includes index.
|
| 504 |
|
|
|a Bibliography: page 231.
|
| 650 |
|
0 |
|a Horse breeds.
|
| 650 |
|
0 |
|a Ponies.
|
| 700 |
1 |
|
|a Nockels, David.
|
| 740 |
0 |
|
|a Horses and ponies of the world.
|
| 999 |
|
|
|a MARS
|
| 999 |
f |
f |
|s beba95c3-1b45-34e3-a615-24cd6f4d4a96
|i a52aa041-86c7-3190-b395-da7c54bae905
|t 0
|
| 952 |
f |
f |
|p ric
|a Texas A&M University
|b Rellis Campus
|c Joint Library Facility
|d Remote Storage
|t 0
|e SF291 .E38 1979
|h Library of Congress classification
|i unmediated -- volume
|m A14805236483
|
| 998 |
f |
f |
|a SF291 .E38 1979
|t 0
|l Remote Storage
|